000 00739nam a2200193 a 4500
001 000032202
005 20240301141636.0
008 110713s1942 dr r 000 0 spa d
040 _aDO-SdBNP
_bspa
_cBNPHU
082 _a616.994
_bM896c
100 1 _a Moscoso Puello, F. E.,
_q (Francisco Eujenio)
_d1885-1959
_958361
245 1 0 _aConferencias VI y VII acerca del cáncer /
_cDoctor F. E. Moscoso Puello.
260 _aCiudad Trujillo, República Dominicana :
_bMontalvo,
_c1942.
300 _a50 p. ;
_c24 cm.
590 _aInventariado, 2018/MFF
650 4 _aCáncer
_xDiagnóstico
_vENSAYOS, CONFERENCIAS, ETC.
_958277
650 4 _aPatología celular
_vENSAYOS, CONFERENCIAS, ETC.
_958278
910 _aValidado. Control de calidad MFF
999 _c31693
_d31693